Este no es mi elefante
Salvato in:
| Autori principali: | , , |
|---|---|
| Natura: | Libro |
| Lingua: | spagnolo |
| Pubblicazione: |
Londres
Usborne
2012
|
| Serie: | ¡Toca, toca!
|
| Soggetti: | |
| Tags: |
Aggiungi Tag
Nessun Tag, puoi essere il primo ad aggiungerne!!
|
MARC
| LEADER | 00000cam a2200000 a 4500 | ||
|---|---|---|---|
| 001 | UCF4867 | ||
| 003 | CL-VaPUC | ||
| 005 | 20250410120011.0 | ||
| 008 | 130103e20120000UK |||||||||||||||||spa|d | ||
| 999 | |c 350554 |d 350552 | ||
| 020 | |a 9781409544425 | ||
| 040 | |c Pontificia Universidad Católica de Valparaíso | ||
| 082 | 0 | 4 | |a 372.4 |b WAT |2 21 |
| 100 | 0 | |a Watt, Fiona |e author |9 566547 | |
| 245 | 1 | 0 | |a Este no es mi elefante |
| 260 | |a Londres |b Usborne |c 2012 | ||
| 300 | |a pág. irreg | ||
| 490 | 0 | |a ¡Toca, toca! | |
| 583 | |a last modification |c 20130103 11:06:00 |k Rodrigo Vera | ||
| 650 | 7 | |a Literatura infantil |2 CL-VaPUC |9 335056 |x Cuentos | |
| 700 | 0 | |a Wells, Rachel |e author |9 566548 | |
| 700 | 0 | |a Fernández Martínez, Cristina |e author |9 566549 | |
| 942 | |c BK |2 ddc | ||
| 945 | |d 20130103 00:00:00 |a dcastane | ||
| 952 | |0 0 |1 0 |4 0 |6 372_400000000000000_WAT_2012 |7 0 |8 A |9 453981 |a BIBEDU |b BIBEDU |d 2019-11-22 |i 4937376 |l 7 |m 1 |o 372.4 WAT 2012 |p 4937376 |r 2025-03-24 |s 2025-03-17 |w 2019-11-22 |y BK |k EPE | ||